000 00918nam a2200169Ia 4500
008 240126s9999 xx 000 0 und d
022 _a2250-2106
041 _aEnglish
082 _aLIBRARY-VII
245 0 _aJournal of the Institution of Engineers (India) Series B : Electrical Engineering, Electronics and Telecommunucation Engineering, Computer Engineering
260 _bInst. of Engineers (India)
_aKolkata
440 _aNULL
500 _aElectrical Engineering, Electronics and Telecommunucation Engineering, Computer Engineering merged together in the same title and published under Series B
650 _a(India),B,Electrical,Engineering,,Electronics,Telecommunucation,Engineering,,Computer,Electrical Engineering,Electronics and Telecommunucation Engineering,Computer Engineering
650 _aElectrical Engineering, Electronics and Telecommunucation Engineering, Computer Engineering
942 _cJN
999 _c279304
_d279304